Luyện kỹ năng đọc tiếng Anh, tập 5. Thoughts & nations (Kèm theo CD/881-82)

Сохранить в:
Библиографические подробности
Формат:
Опубликовано: 2004
Метки: Добавить метку
Нет меток, Требуется 1-ая метка записи!
Thư viện lưu trữ: Mạng thư viện Đại học Đà Nẵng
LEADER 00512nam a22001811a 4500
001 000038517
003 14812
005 20160412021322.0
008 160412s2004 000
082 |a 4A(07)2661-62 
245 |a Luyện kỹ năng đọc tiếng Anh, tập 5. Thoughts & nations (Kèm theo CD/881-82)  |c Linda Lee, Barbara Bushby 
260 |c 2004 
OWN |a LNN 
999 |a From the UDN01 
TYP |a Monograph 
980 |a Mạng thư viện Đại học Đà Nẵng